Southville International School and Colleges
Your cart is empty.
  • Cart
  • Lists
    Public lists Eva Luna New books Lux_list list_1
    Your lists Log in to create your own lists
  • Log in to your account
  • Your cookies
  • Search history
Southville International School and Colleges
  • Advanced search
  • Recent comments
  • Most popular
  • Libraries

Log in to your account

Log in with GOOGLE


If you do not have an external account, but do have a local account, you can still log in:

  1. Home
  2. MARC view: Fancy dress for kids :
Normal view MARC view ISBD view

Fancy dress for kids : (Record no. 16949)

[ view plain ]
MARC details
000 -LEADER
fixed length control field 00588nam a22002057a 4500
003 - CONTROL NUMBER IDENTIFIER
control field OSt
005 - DATE AND TIME OF LATEST TRANSACTION
control field 20140310182847.0
008 - FIXED-LENGTH DATA ELEMENTS--GENERAL INFORMATION
fixed length control field 130613t xxu||||| |||| 00| 0 eng d
020 ## - INTERNATIONAL STANDARD BOOK NUMBER
International Standard Book Number 060058674
050 ## - LIBRARY OF CONGRESS CALL NUMBER
Classification number TT 490
Item number .F199 1995
082 ## - DEWEY DECIMAL CLASSIFICATION NUMBER
Classification number M 391.3
Item number F21 1995
245 ## - TITLE STATEMENT
Title Fancy dress for kids :
Remainder of title more than 25 patterns for original costumes for boys and girls /
260 ## - PUBLICATION, DISTRIBUTION, ETC. (IMPRINT)
Place of publication, distribution, etc Great Britain :
Name of publisher, distributor, etc Hamlyn,
Date of publication, distribution, etc 1995.
300 ## - PHYSICAL DESCRIPTION
Extent 95 p. :
Other physical details ill. col. ;
Dimensions 28 cm.
521 ## - TARGET AUDIENCE NOTE
Target audience note
526 ## - STUDY PROGRAM INFORMATION NOTE
Reading level 1210L-1700L
541 ## - IMMEDIATE SOURCE OF ACQUISITION NOTE
-- 1
562 ## - COPY AND VERSION IDENTIFICATION NOTE
Number of copies 1
942 ## - ADDED ENTRY ELEMENTS (KOHA)
Source of classification or shelving scheme Library of Congress Classification
Koha item type Books
Call number prefix
Holdings
Withdrawn status Lost status Source of classification or shelving scheme Damaged status Home library Current library Shelving location Date acquired Total Checkouts Full call number Barcode Date last seen Copy number Price effective from Koha item type
    Library of Congress Classification   College Library College Library General Circulation Section 06/13/2013   TT 490 .F199 1995 C4141 05/15/2018 1 06/13/2013 Books

Fancy dress for kids :

APA

(1995). Fancy dress for kids. Great Britain: Hamlyn.

Chicago

1995. Fancy dress for kids. Great Britain: Hamlyn.

Harvard

(1995). Fancy dress for kids. Great Britain: Hamlyn.

MLA

Fancy dress for kids. Great Britain: Hamlyn. 1995.

  • Place hold
  • Print
  • Cite
  • Add to your cart (remove)
  • Save record
    BIBTEX Dublin Core MARCXML MARC (non-Unicode/MARC-8) MARC (Unicode/UTF-8) MARC (Unicode/UTF-8, Standard) MODS (XML) RIS
  • More searches
    Search for this title in:
    Other Libraries (WorldCat) Other Databases (Google Scholar) Online Stores (Bookfinder.com) Open Library (openlibrary.org)

Exporting to Dublin Core...

SOUTHVILLE LIBRARY

Southville International School and Colleges Library

1281 Tropical Ave. Cor. Luxembourg St., BF Homes International, Las Pinas City

Tel. No. 8256374 / 252358 Loc. 117/146

Powered by Koha